Missing Word: Movie Families IV Quiz Stats

 Plays Quiz Updated Apr 24, 2015

Challenge
Share
Tweet
Embed
Score 0/40 Timer 06:00
0 Plays Today
Question Answer % Correct
Martin SheenCatch
96.9%
Tom HanksGreen
96.1%
Tom HanksLeague
93%
Tom HanksWar
92.4%
River PhoenixStand
90%
Rosanna ArquettePulp
89.3%
Colin HanksThing
87.4%
Rosanna ArquetteSusan
86.9%
Tom HanksVolcano
83.5%
Tom HanksLoud
77.5%
River PhoenixLove
75.7%
Patricia ArquetteFast
70.7%
Charlie SheenMajor
63.7%
Charlie SheenGuns
58.4%
Colin HanksKong
58.2%
Martin SheenPresident
58%
Joaquin PhoenixNight
57.1%
River PhoenixIdaho
56.9%
Joaquin PhoenixRwanda
55.2%
Martin SheenWall
54.7%
Question Answer % Correct
Charlie SheenShots
50.9%
Martin SheenApocalypse
48.4%
Martin SheenFriend
47.2%
Patricia ArquetteDead
44.2%
Charlie SheenVelocity
37.5%
River PhoenixCowgirls
32.8%
Colin HanksOrange
32.1%
River PhoenixMosquito
30.1%
Joaquin PhoenixClay
27.1%
Rosanna ArquetteMillion
23.2%
Colin HanksBunny
22.4%
Patricia ArquetteLost
22.1%
Patricia ArquetteRomance
20.4%
Charlie SheenDue
19.9%
Joaquin PhoenixBuffalo
11%
Patricia ArquetteNicky
10%
Colin HanksHer
8.9%
Joaquin PhoenixParadise
5.6%
Rosanna ArquetteMisunderstanding
3.8%
Rosanna ArquetteLinguini
3.1%

Today's Daily Dose

You're not logged in!

Compare scores with friends on all Sporcle quizzes.
Join for Free
OR
Log In

You Might Also Like...

Show Comments

Extras

Top Quizzes Today


Score Distribution

Your Account Isn't Verified!

In order to create a playlist on Sporcle, you need to verify the email address you used during registration. Go to your Sporcle Settings to finish the process.

Report this User

Report this user for behavior that violates our Community Guidelines.

Details: